MARC details
| 000 -LEADER |
| fixed length control field |
01464nam a2200265 a 4500 |
| 001 - CONTROL NUMBER |
| control field |
16311014 |
| 008 - FIXED-LENGTH DATA ELEMENTS--GENERAL INFORMATION |
| fixed length control field |
120615s2011 ||||||||||||||||| || u |
| 010 ## - LIBRARY OF CONGRESS CONTROL NUMBER |
| LC control number |
2010027829 |
| 020 ## - INTERNATIONAL STANDARD BOOK NUMBER |
| International Standard Book Number |
9780754677659 (hardback : alk. paper) |
| 020 ## - INTERNATIONAL STANDARD BOOK NUMBER |
| International Standard Book Number |
0754677656 (hardback : alk. paper) |
| 050 ## - LIBRARY OF CONGRESS CALL NUMBER |
| Classification number |
NA 2543.R37 Nob |
| 100 ## - MAIN ENTRY--PERSONAL NAME |
| Personal name |
Noble, Jonathan Alfred |
| 245 10 - TITLE STATEMENT |
| Title |
African identity in post-apartheid public architecture : white skin, black masks |
| Statement of responsibility, etc. |
by Jonathan Alfred Noble. |
| 260 ## - PUBLICATION, DISTRIBUTION, ETC. |
| Place of publication, distribution, etc. |
Farnham: |
| Name of publisher, distributor, etc. |
Ashgate Pub |
| Date of publication, distribution, etc. |
2011 |
| 300 ## - PHYSICAL DESCRIPTION |
| Extent |
xviii, 293p.: ill. |
| 350 ## - PRICE (NR) (BK AM CF MU VM SE) [OBSOLETE] |
| Price |
0.00 |
| 490 ## - SERIES STATEMENT |
| Series statement |
Ashgate studies in architecture series |
| 500 ## - GENERAL NOTE |
| General note |
Includes bibliographical references and index. |
| 505 ## - FORMATTED CONTENTS NOTE |
| Formatted contents note |
Imagination and identification, part 1: the Mpumalanga Legislature, Nelspruit -- Imagination and identification, part 1: the Northern Cape Legislature, Kimberly -- "We the people", part 1: the Constitutional Court of South Africa, at Constitution Hill, Johannesburg -- "We the people", part 2: the Walter Sisulu Square of Dedication, Kliptown -- Honouring our other "we": Freedom Park, Pretoria. |
| 650 #0 - SUBJECT ADDED ENTRY--TOPICAL TERM |
| Topical term or geographic name entry element |
PUBLIC BUILDINGS-- SOUTH AFRICA |
| 650 #0 - SUBJECT ADDED ENTRY--TOPICAL TERM |
| Topical term or geographic name entry element |
PUBLIC ARCHITECTURE -- SOUTH AFRICA |
| 650 #0 - SUBJECT ADDED ENTRY--TOPICAL TERM |
| Topical term or geographic name entry element |
ARCHITECTURE AND RACE--SOUTH AFRICA |
| 650 #0 - SUBJECT ADDED ENTRY--TOPICAL TERM |
| Topical term or geographic name entry element |
ARCHITECTURE AND SOCIETY--SOUTH AFRICA |
| 995 ## - RECOMMENDATION 995 [LOCAL, UNIMARC FRANCE] |
| -- |
CBU-MAIN LIBRARY (Kitwe) |
| -- |
0.00 |
| -- |
1 |
| -- |
AVAILABLE |
| -- |
Jun 15, 2012 |
| -- |
Main Library Open Access Collection |